Ley y administración: estudio de la evolución del principio de legalidad

Bewaard in:
Bibliografische gegevens
Hoofdauteur: Jesh, Dietrich (Auteur)
Formaat: Boek
Taal:Spaans
Gepubliceerd in: Madrid Instituto de Estudios Administrativos 1978
Onderwerpen:
Tags: Voeg label toe
Geen labels, Wees de eerste die dit record labelt!

MARC

LEADER 00000nam a2200000 a 4500
001 UCS0715
003 CL-VaPUC
008 970426e19780000SP |||||||||||||||||spa|d
082 0 4 |a 342.06  |b JES  |2 21 
100 0 |a Jesh, Dietrich  |e author  |9 384530 
245 1 0 |a Ley y administración: estudio de la evolución del principio de legalidad 
300 |a 323 p 
942 |c BK 
945 |d 19970426 00:00:00  |a lriquelm 
260 |a Madrid  |b Instituto de Estudios Administrativos  |c 1978 
650 0 |a Derecho administrativo  |9 254851 
650 7 |a MONARQUIA CONSTITUCIONAL  |2 CL-VaPUC  |9 377747 
650 7 |a RESERVA LEGAL  |2 CL-VaPUC  |9 384531 
650 7 |a DERECHO PENAL  |2 CL-VaPUC  |9 11 
651 0 |a Alemania  |9 255688 
583 |a last modification  |c 19970426 00:00:00  |k Rodrigo Vera 
999 |c 258932  |d 258930 
952 |0 0  |1 0  |4 0  |6 342_060000000000000_JES_1978  |7 0  |8 A  |9 283350  |a BIBDER  |b BIBDER  |d 2019-11-19  |i 1835297  |o 342.06 JES 1978  |p 1835297  |r 2023-01-25  |w 2019-11-19  |y BK  |k DER